UBT Library

Financial accounting : (Record no. 39199)

000 -LEADER
fixed length control field 00831cam a2200277 a 4500
001 - CONTROL NUMBER
control field 16384772
005 - DATE AND TIME OF LATEST TRANSACTION
control field 20171220041806.0
008 - FIXED-LENGTH DATA ELEMENTS--GENERAL INFORMATION
fixed length control field 100810s2009 njua 001 0 eng
010 ## - LIBRARY OF CONGRESS CONTROL NUMBER
LC control number 2010285936
015 ## - NATIONAL BIBLIOGRAPHY NUMBER
National bibliography number GBA8A0581
Source bnb
016 7# - NATIONAL BIBLIOGRAPHIC AGENCY CONTROL NUMBER
Record control number 014696973
Source Uk
020 ## - INTERNATIONAL STANDARD BOOK NUMBER
International Standard Book Number 9780470239803 (hbk.)
020 ## - INTERNATIONAL STANDARD BOOK NUMBER
International Standard Book Number 0470239808 (hbk.)
035 ## - SYSTEM CONTROL NUMBER
System control number (OCoLC)ocn209788233
040 ## - CATALOGING SOURCE
Original cataloging agency UKM
Transcribing agency UKM
Modifying agency BTCTA
-- BAKER
-- YDXCP
-- BWX
-- OSU
-- DLC
041 ## - LANGUAGE CODE
Language code of text/sound track or separate title eng
042 ## - AUTHENTICATION CODE
Authentication code lccopycat
080 ## - UNIVERSAL DECIMAL CLASSIFICATION NUMBER
Universal Decimal Classification number 657.48 KIM
082 04 - DEWEY DECIMAL CLASSIFICATION NUMBER
Classification number 657.48 KIM
Edition number 22
100 1# - Rafti
Rafti 61
101 ## - Shkurtesa
Shkurtesa KON
245 10 - TITLE STATEMENT
Title Financial accounting :
Statement of responsibility, etc Paul D. Kimmel, Jerry J. Weygandt, Donald E. Kieso.
906 ## - LOCAL DATA ELEMENT F, LDF (RLIN)
a 7
b cbc
c copycat
d 3
e ncip
f 20
g y-gencatlg
942 ## - ADDED ENTRY ELEMENTS (KOHA)
Source of classification or shelving scheme
Item type Books
Holdings
Withdrawn status Lost status Source of classification or shelving scheme Damaged status Not for loan Collection code Permanent location Current location Shelving location Date acquired Total Checkouts Full call number Barcode Date last seen Price effective from Koha item type
          Koleksioni i përgjithshem UBT - Lipjan UBT - Lipjan Koleksioni i përgjithshem 12/20/2017   657.48 KIM 002-2938969 12/20/2017 12/20/2017 Books
UBT Library © 2015-2024. All rights reserved University Education for Business and Technology